The challenge of things : (Record no. 123083)
[ view plain ]
| 000 -LEADER | |
|---|---|
| fixed length control field | 00864cam a22002895i 4500 |
| 001 - CONTROL NUMBER | |
| control field | 11379469 |
| 003 - CONTROL NUMBER IDENTIFIER | |
| control field | ARRUPE |
| 005 - DATE AND TIME OF LATEST TRANSACTION | |
| control field | 20190513110203.0 |
| 008 - FIXED-LENGTH DATA ELEMENTS--GENERAL INFORMATION | |
| fixed length control field | 150422s2015 enk 000 0 eng d |
| 020 ## - INTERNATIONAL STANDARD BOOK NUMBER | |
| International Standard Book Number | 9781408864616 (hardback) |
| 020 ## - INTERNATIONAL STANDARD BOOK NUMBER | |
| International Standard Book Number | 1408864614 (hardback) |
| 020 ## - INTERNATIONAL STANDARD BOOK NUMBER | |
| International Standard Book Number | 9781408864647 (trade paperback) |
| 020 ## - INTERNATIONAL STANDARD BOOK NUMBER | |
| International Standard Book Number | 1408864649 (trade paperback) |
| 024 ## - OTHER STANDARD IDENTIFIER | |
| Standard number or code | 60002004821 |
| 035 ## - SYSTEM CONTROL NUMBER | |
| System control number | (OCoLC)898419111 |
| 035 ## - SYSTEM CONTROL NUMBER | |
| System control number | (OCoLC)ocn898419111 |
| 035 ## - SYSTEM CONTROL NUMBER | |
| System control number | (NNC)11379469 |
| 040 ## - CATALOGING SOURCE | |
| Original cataloging agency | NhCcYBP |
| Language of cataloging | eng |
| Description conventions | rda |
| Transcribing agency | NhCcYBP |
| 050 ## - LIBRARY OF CONGRESS CALL NUMBER | |
| Classification number | BD41.G66 2015 |
| 300 ## - PHYSICAL DESCRIPTION | |
| Dimensions | 21 cm. |
| 100 1# - MAIN ENTRY--PERSONAL NAME | |
| Personal name | Grayling, A. C., |
| 9 (RLIN) | 5558 |
| 245 14 - TITLE STATEMENT | |
| Title | The challenge of things : |
| Remainder of title | thinking through troubled times / |
| Statement of responsibility, etc | A.C. Grayling. |
| 260 ## - PUBLICATION, DISTRIBUTION, ETC. (IMPRINT) | |
| Place of publication, distribution, etc | London |
| Name of publisher, distributor, etc | Bloomsbury Publishing |
| Date of publication, distribution, etc | 2015 |
| 300 ## - PHYSICAL DESCRIPTION | |
| Extent | 297 p. ; |
| 650 ## - SUBJECT ADDED ENTRY--TOPICAL TERM | |
| Topical term or geographic name as entry element | Philosophy |
| 9 (RLIN) | 18707 |
| 942 ## - ADDED ENTRY ELEMENTS (KOHA) | |
| Source of classification or shelving scheme | Library of Congress Classification |
| Koha item type | Monograph ( Printed materials) |
| 948 0# - LOCAL PROCESSING INFORMATION (OCLC); SERIES PART DESIGNATOR (RLIN) | |
| Series part designator, SPT (RLIN) | 20150519 |
| b (OCLC) | b |
| c (OCLC) | jeb52 |
| d (OCLC) | MPS |
| Withdrawn status | Lost status | Source of classification or shelving scheme | Damaged status | Not for loan | Collection code | Home library | Current library | Shelving location | Date acquired | Total Checkouts | Full call number | Barcode | Date last seen | Price effective from | Koha item type |
|---|---|---|---|---|---|---|---|---|---|---|---|---|---|---|---|
| Library of Congress Classification | Main Collection | ARRUPE LIBRARY | ARRUPE LIBRARY | Main Collection | 26/08/2015 | BD41.G66 2015 | 46500004220 | 26/08/2015 | 26/08/2015 | Monograph ( Printed materials) |